Avaluació d'un programa de pisos amb suport per a persones amb trastorns mentals severs : projecte d'investigació / autor: Jesús Besora ; coordinador del projecte: Josep Clusa projecte d'investigació / autor:
Descripción Física:
97 p. ; 23 cm
Otros Autores:
Clusa, Josep, coord
Materias:
Malalts mentals -- Habitatge
MARC
| LEADER | 00000nam a2200000Ia 4500 | ||
|---|---|---|---|
| 001 | 11769 | ||
| 008 | 160829s1997 xx 000 0 cat d | ||
| 080 | |a S-1-121 | ||
| 100 | |a Besora, Jesús |9 29204 | ||
| 245 | |a Avaluació d'un programa de pisos amb suport per a persones amb trastorns mentals severs : |b projecte d'investigació / autor: |b Jesús Besora ; coordinador del projecte: |b Josep Clusa | ||
| 260 | |a Barcelona : |b Diputació de Barcelona, |c 1997 | ||
| 300 | |a 97 p. ; |c 23 cm | ||
| 590 | |a Premi Ferran Salsas i Roig de salut comunitària 1996. | ||
| 590 | |a A la contracoberta, Ajuntament de Rubí, Diputació de Barcelona. Servei de Salut Pública i Consum. | ||
| 650 | |a Malalts mentals |x Habitatge |9 29205 | ||
| 700 | |a Clusa, Josep, coord. |9 29206 | ||
| 710 | 1 | |a Barcelona (Catalunya : Província). |b Diputació |9 52408 | |
| 901 | |a Arxiu | ||
| 942 | |n 1 | ||
| 952 | |0 0 |1 0 |4 0 |6 S1121 |7 1 |9 45102 |a Arxiu |b Arxiu |d 2016-12-01 |l 0 |o S-1-121 |p 11769 |r 2016-12-01 00:00:00 |w 2016-12-01 |y ARXIU | ||
| 999 | |c 47722 |d 47722 | ||